Institutional economics perspectives on African agricultural development / (Record no. 18559)

000 -LEADER
fixed length control field 00563cam a22001694a 4500
020 ## - INTERNATIONAL STANDARD BOOK NUMBER
ISBN 9780896297814 (alk. paper)
040 ## - CATALOGING SOURCE
Transcribing agency DLC
082 00 - DEWEY DECIMAL CLASSIFICATION NUMBER
Classification number 338 INT 2009 C147 Or.
245 00 - TITLE STATEMENT
Title Institutional economics perspectives on African agricultural development /
260 ## - PUBLICATION, DISTRIBUTION, ETC. (IMPRINT)
Place of publication Washington, D.C :
Name of publisher International Food Policy Research Institute,
Year of publication c2009.
300 ## - PHYSICAL DESCRIPTION
Number of Pages xxii, 477 p. :
Other physical details ill. ;
Dimensions 23 cm.
650 #0 - SUBJECT ADDED ENTRY--TOPICAL TERM
Topical Term Agriculture and state
650 #0 - SUBJECT ADDED ENTRY--TOPICAL TERM
Topical Term Economic development
650 #0 - SUBJECT ADDED ENTRY--TOPICAL TERM
Topical Term Agricultural development projects
700 1# - ADDED ENTRY--PERSONAL NAME
Personal name Kirsten, Johann.
942 ## - ADDED ENTRY ELEMENTS (KOHA)
Koha item type ADB
952 ## - LOCATION AND ITEM INFORMATION (KOHA)
Withdrawn status [LOCAL, KOHA] 0
Holdings
Source of acquisition Permanent Location Date acquired Koha item type Lost status Shelving location Current Location Full call number
A36149Library Block C2019-12-20សៀវភៅភាសាអង់គ្លេស C147Library Block C338 INT 2009 C147 Or.
មជ្ឈមណ្ឌលឯការនៃសាកលវិទ្យាល័យភូមិន្ទកសិកម្មចំការដូង

Powered by Koha